000 00785nam a22002777a 4500
005 20220329141230.0
008 971010s1984 r 00010 d
010 _a64813
011 _a65785
035 _a73160
082 _a627.13
_bS2
100 0 0 _aSchick, Asher P.
_9102984
245 _aChannel processes
260 _aCremlingen :
_bCatena,
_c1984
300 _a162 p
490 _aSuplemento
_v; 5
500 _a1992/143
590 _aBATCH-UPD
_b10
_c20130110
_lUCH01
_h0451
590 _aBATCH-UPD
_b10
_c20130110
_lUCH01
_h2133
590 _aCONVERSION
_b10
_c20130109
_lUCH01
_h1335
650 1 4 _aAlcantarillado.
_93560
650 1 4 _aCanales.
_918255
830 0 _aSuplemento
_v; 5
_9110753
901 _aBK
949 _a627.13 S2
_bDCF
_cLIBRO
_d-5928
_eLIBRO
_h4102
_i73160
_si
999 _c64813
_d64813